000 00524pab a2200181 454500
008 180718b2000 xxu||||| |||| 00| 0 eng d
100 _aKundu, Amitabh
245 _aGlobalising Gujarat: urbanisation, employment and poverty
260 _c2000
300 _ap.3172-182
362 _a26 Aug and 2 Sep
650 _aEmployment - India - Gujarat
650 _aPoverty - India - Gujarat
650 _aUrbanization - India - Gujarat
650 _aUrbanization
773 _aEconomic and Political Weekly
909 _a46150
999 _c46150
_d46150